Taxation-I (Record no. 183217)

MARC details
000 -LEADER
fixed length control field 00604 a2200181 4500
005 - DATE AND TIME OF LATEST TRANSACTION
control field 20211220171148.0
010 ## - LCCN (DPL NO)
LC control number ENG-130443
020 ## - INTERNATIONAL STANDARD BOOK NUMBER
International Standard Book Number 978-93-89691-23-8
Terms of availability 525.00
035 ## - SYSTEM CONTROL NUMBER
System control number EN-113975
037 ## - SOURCE OF ACQUISITION
Source of stock number/acquisition DBAD/PUB
082 ## - DEWEY DECIMAL CLASSIFICATION NUMBER
Classification number 336.2
Item number 1
100 ## - MAIN ENTRY--PERSONAL NAME
Personal name Das, Barun Kumar
245 ## - TITLE STATEMENT
Title Taxation-I
Statement of responsibility, etc Barun Kumar Das
Remainder of title For Assessment Year 2020-21
260 ## - PUBLICATION, DISTRIBUTION, ETC. (IMPRINT)
Place of publication, distribution, etc Tamill Nadu
Name of publisher, distributor, etc McGraw Hill Education Private Limited
Date of publication, distribution, etc 2021
270 ## - ADDRESS
Address 444/1, Sri Ekambara Naicker Industrial Estate, Alapakkam, Porur
City Chennai
Postal code 600116
300 ## - PHYSICAL DESCRIPTION
Extent 13.5p.
Dimensions 22cm (pbk)
942 ## - ADDED ENTRY ELEMENTS (KOHA)
Institution code [OBSOLETE] dpl
Item type English Books
Source of classification or shelving scheme Dewey Decimal Classification
Classification part 336.2
Call number suffix DAS
Holdings
Withdrawn status Lost status Not for loan Collection code Home library Current library Date acquired Source of acquisition Cost, normal purchase price Full call number Barcode Copy number Cost, replacement price Koha item type
      Non-fiction Central Library Central Library 20/12/2021 DBAD/PUB 525.00 336.2 DAS EN-113975 1 525.00 English Books

© Delhi Public Library
Hit Counter
free hit counter